| 000 | 00689nam a22002535a 4500 | ||
|---|---|---|---|
| 001 | 15024902 | ||
| 003 | OSt | ||
| 005 | 20150622100510.0 | ||
| 008 | 070927s2008 aru 000 0 eng | ||
| 010 | _a 2007938335 | ||
| 020 | _a1853528986 | ||
| 040 |
_aDDC _cDLC |
||
| 082 | _a346.054/WIL | ||
| 100 | 1 |
_aAlison Baxter _95674 |
|
| 245 | 1 | 4 |
_a Revision workbook : _bWills, Probate and Administration _cedited by Alison Baxter |
| 250 | _a1st ed. | ||
| 260 |
_aLondon : _bHLT Publications, _c1990. |
||
| 300 | _a163p. | ||
| 500 | _aLoose Notes | ||
| 600 |
_aAlison Baxter _95675 |
||
| 906 |
_a0 _bibc _corignew _d2 _eepcn _f20 _gy-gencatlg |
||
| 942 |
_2ddc _cBK |
||
| 999 |
_c4770 _d4770 |
||